1545 1691 1144 1694 1049 1460 1592 1317 1246 1914 1318 1015 1228 1134 1155 1316 1544 1377 1208 1456 1749 1649 1654 1394 1665 1444 1420 1848 1827 1188 1728 1682 1512 1961 1130 1979 1332 1218 1592 1886 1919 1241 1789 1988 1070 1596 1682 1070 1337 1915 1448 1345 1520 1767 1176 1369 1981 1435 1699 1384 1599 1568 1258 1475 1671 1062 1282 1900 1972 1914 1317 1242 1894 1067 1099 1362 1431 1980 1569 1284 1844 1358 1754 1927 1925 1873 1123 1540 1793 1609 1057 1591 1901 1177 1024 1709 1807 1994 1325 BCNSPRNW ULIB Ver.6.0+V

เปลี่ยนเป็นภาษาไทย

Change to English
 แสดงรายละเอียดบรรณานุกรม
  กลับหน้าหลัก

Brief Record : Get Marc (ISO 2709) : E-mail record : QR code < ปิดหน้าต่าง
LEADER : 00000nam 2200000uu 4500
001    13399120910
003     ULIB
008    121024s2545||||th 000 0 tha d
099    วพ.WD100^bล145ส
100 0  ลลิตา แจ่มจำรัส
245 00 สถิติวิเคราะห์พฤติกรรมการบริโภคของนักเรียนระดับประถมศึกษาตอนปลายที่มีภาวะโภชนาการเกิน ในจังหวัดกำแพงเพชร/^cลลิตา แจ่มจำรัส
260    เชียงใหม่:^bการค้นคว้าอิสระเชิงวิทยานิพนธ์ วิทยาศาสตรมหาบัณฑิต สาขาวิชาสถิติประยุกต์ มหาวิทยาลัยเชียงใหม่,^c2545
300    85 แผ่น
650  7 พฤติกรรมการบริโภค^xวิทยานิพนธ์
650  7 ภาวะโภชนการเกิน^xวิทยานิพนธ์
945    ^p0^l0^i032873
995    เกษร
999    ^aใช้งานได้ทุกระบบ
รายการนี้ยังไม่มีแท็ก
คุณยังไม่ได้ล็อกอิน คุณสามารถมีกิจกรรมร่วมกับเว็บไซต์ได้ แต่ต้องล็อกอินก่อน ::
  ล็อกอิน

รายการสื่อสารสนเทศ

ลำดับที่ ประเภท เลขเรียก/บาร์โค้ด สถานที่ สถานะ
1. วิทยานิพนธ์
วิทยานิพนธ์
วพ.WD100 ล145ส  
  Barcode: 032873
ห้องสมุดวิทยาเขตสวรรค์ประชารักษ์
►วิจัย
บนชั้น

BibComment


ยังไม่เคยถูกคอมเมนท์

คอมเมนท์ทรัพยากรรายการนี้
  คอมเมนท์: สถิติวิเคราะห์พฤต..


 Copyright 2026. Bcnsprnw @Library